00221nam a22000977a 4500082001700000100001700017245004300034260001600077300001500093700001500108 a620.104bMAR aMariam, J.L  aEngineering Mechanics Dynamics vol-2  bWileyc2004 a710c25 cm aJ.L Meriam